Geometría: incluye geometría plana, analítica, transformacional y de sólidos
Wedi'i Gadw mewn:
| Prif Awdur: | |
|---|---|
| Fformat: | Llyfr |
| Iaith: | Sbaeneg |
| Cyhoeddwyd: |
Ciudad de México
McGraw-Hill
1991
|
| Rhifyn: | 2a. ed |
| Cyfres: | Schaum
|
| Pynciau: | |
| Tagiau: |
Ychwanegu Tag
Dim Tagiau, Byddwch y cyntaf i dagio'r cofnod hwn!
|
MARC
| LEADER | 00000nam a2200000 a 4500 | ||
|---|---|---|---|
| 001 | UCY0781 | ||
| 003 | CL-VaPUC | ||
| 008 | 940812e19910000MX |||||||||||||||||spa|d | ||
| 020 | |a 9684222440 | ||
| 082 | 0 | 4 | |a 516 |b RIC |2 21 |
| 100 | 0 | |a Rich, Barnett |e author |9 328612 | |
| 245 | 1 | 0 | |a Geometría: incluye geometría plana, analítica, transformacional y de sólidos |
| 250 | |a 2a. ed | ||
| 300 | |a 395 p | ||
| 942 | |c BK | ||
| 945 | |d 19940812 00:00:00 |a mfernand | ||
| 260 | |a Ciudad de México |b McGraw-Hill |c 1991 | ||
| 650 | 0 | |a Geometría |9 264063 | |
| 650 | 0 | |a Problemas, ejercicios, etc |9 259377 | |
| 583 | |a last modification |c 19940812 00:00:00 |k Rodrigo Vera | ||
| 490 | 0 | |a Schaum | |
| 999 | |c 229699 |d 229697 | ||
| 952 | |0 0 |1 0 |4 0 |6 516_000000000000000_RIC_1991 |7 0 |8 A |9 231156 |a BIBMAT |b BIBMAT |d 2019-11-15 |i 3535711 |o 516 RIC 1991 |p 3535711 |r 2025-01-07 |w 2019-11-15 |y BK |k MAT | ||
| 952 | |0 0 |1 0 |4 0 |6 516_000000000000000_RIC_1991 |7 0 |8 A |9 231157 |a BIBMAT |b BIBMAT |d 2019-11-15 |i 4032403 |o 516 RIC 1991 |p 4032403 |r 2025-01-07 |w 2019-11-15 |y BK |k MAT | ||
| 952 | |0 0 |1 0 |4 0 |6 516_000000000000000_RIC_1991 |7 0 |8 A |9 231159 |a BIBMAT |b BIBMAT |d 2019-11-15 |i 403242K |l 1 |m 2 |o 516 RIC 1991 |p 403242K |r 2025-01-07 |s 2023-10-19 |w 2019-11-15 |y BK |k MAT | ||
| 952 | |0 0 |1 0 |4 0 |6 516_000000000000000_RIC_1991 |7 0 |8 A |9 231161 |a BIBMAT |b BIBMAT |d 2019-11-15 |i 4032446 |o 516 RIC 1991 |p 4032446 |r 2025-01-07 |w 2019-11-15 |y BK |k MAT | ||
| 952 | |0 0 |1 0 |4 0 |6 516_000000000000000_RIC_1991 |7 0 |8 A |9 231165 |a BIBMAT |b BIBMAT |d 2019-11-15 |i 4068262 |o 516 RIC 1991 |p 4068262 |r 2025-01-07 |w 2019-11-15 |y BK |k MAT | ||
| 952 | |0 0 |1 0 |4 0 |6 516_000000000000000_RIC_1991 |7 0 |8 A |9 231166 |a BIBMAT |b BIBMAT |d 2019-11-15 |i 4068270 |o 516 RIC 1991 |p 4068270 |r 2025-01-07 |w 2019-11-15 |y BK |k MAT | ||